| 000 | 01392nam0a22003251 4500 | ||
|---|---|---|---|
| 001 | rc\2198798 | ||
| 005 | 20110826162646.6 | ||
| 035 | _a(NLR Aleph) 006539750 | ||
| 090 |
_a6623709 _c6623709 |
||
| 100 | _a20110826d1978 |||y0rusy50 ca | ||
| 101 | 0 | _arus | |
| 102 | _aRU | ||
| 105 | _aa z ||||| | ||
| 200 | 1 |
_aМеханизация заготовки леса в США _e(Обзор) _fК. т. н. Д.В. Можаев |
|
| 210 |
_aМосква _cВНИПИЭИлеспром _d1978 |
||
| 215 |
_a60 с. _cил. _d21 |
||
| 225 | 1 |
_aЛесоэксплуатация _fВсесоюз. н.-и. и проект. ин-т экономики, орг. упр. пр-вом и информ. по лесн., целлюлоз.-бум. и деревообраб. пром-сти |
|
| 300 | _aНа обл. авт. не указан | ||
| 320 | _aСписок лит. в конце текста | ||
| 606 |
_aЛесозаготовительный работы _jОбзоры литературы информационные _xМеханизация _2psbo |
||
| 686 |
_aП390.04,0 _2rubbk |
||
| 686 |
_aП9(71США)390.04,0 _2rubbk |
||
| 700 | 1 |
_aМожаев _bД. В. _gДмитрий Васильевич |
|
| 801 | 0 |
_aRU _bNLR _gpsbo |
|
| 801 | 1 |
_aRU _bELAR _2rusmarc |
|
| 852 |
_aNLR _j78-6/3590 |
||
| 899 |
_aRuMoRGB _jБ 78-55/247 |
||
| 899 |
_aRuMoRGB _jБ 78-55/248 |
||
| 942 | _cBOOK | ||
| 980 | _aNB | ||